Регионална библиотека "Любен Каравелов" - Русе

Мадоната с коженото палто (Запис номер 488291)

MARC детайли
000 -Лидер
Контролно поле с фиксирана дължина 01255nam a2200277 a 4500
003 - Код на организацията, давaща контролен номер
Контролно поле BLK
005 - Дата и час на последна редакция
Контролно поле 20250717180613.0
008 - Елементи от данни с фиксирана дължина
fixed length control field 180411b bul|||||r ||||||| ||bul||
020 ## - Международен стандартен номер на книга ISBN
Международен стандартен номер на книга ISBN 9786197278248
040 ## - Източник на каталожния запис
Идентификатор на билиотеката - собственик на записа BLK
041 ## - Код за език
Код за езика на текст/звукозапис или на отделно заглавие Български
Код за езика КДБФ Български
080 ## - УДК
Текстов определител УДК Турска литература
УДК код - определител по УДК 821.512.161
УДК определител -31
УДК - код + определител 821.512.161-31
100 ## - Редна дума - Автор
Автор Али, Сабахатин
Авторска отговорност първи автор
R(LIN) 1299
139 ## - Редно поле
Редна дума Али, Сабахатин
Авторски знак Али - А 54
245 10 - Сведения за заглавието
Заглавие Мадоната с коженото палто
Подзаглавни данни Роман
Редно поле (дума) Сабахатин Али ; прев. от тур. ез. Добромира Кирова
250 ## - Област на изданието
Сведения за изданието 2. изд.
257 ## - Страна на издаване
Страна на създаване/издаване Турция
260 ## - Област на издателските данни
Място на издаване, разпространение и проч. Бургас
Име на издателя, разпространителя и проч. Авиана
Година на издаване 2019
9 (RLIN) 219846
Печатница [София] : AV Design Group
Издателство - префикс ISBN 978-619-90226-
300 ## - Физическа характеристика
Страници 160 с.
Размери/Мащаб 20 см
380 ## - Жанр
Жанр Худож. лит.
500 ## - Общи забележки
Забележка Ориг. загл.: Kürk mantolu madonna / Sabahattin Ali. - 1. изд. 1983 на изд. Нар. култура. - Биогр. данни за авт. отбелязани на гърба на кор.
700 ## - Други автори (авторска отговорност)
Лично име Кирова, Добромира Стойкова
Автороска отговорност (Описва отношението между автора и произведението) прев. от тур.
9 (RLIN) 456887
856 ## - Електронен адрес и достъп
Инструкция (цена за достъп) 0.00
Права за достъп disable
999 ## - СИСТЕМНИ КОНТРОЛНИ НОМЕРА
Koha biblionumber 488291
Koha biblioitemnumber 488291
942 ## - АРТИКУЛИ
Вид на библиотечния материал Книги
Скрит в OPAC Не
Периодичен библиозапис Да
Koha issues (borrowed), all copies 12
944 ## - СЪЗДАВАНЕ И РЕДАКЦИЯ на ЗАПИСА
Дата на регистрацията/редакция 2023-01-17
Служител, извършил регистрацията/редакцията 30530
Статус, дата на статуса Минев Младен
Наличности
Код за отписване Код за изгубен артикул Източник на класификационната схема Код за повреда Коз за рестрикции Код за отдаване Артикулен № Име на библиотеката - собственик Име на библиотеката, в която се намира в момента Статус (Текущо местоположение) Дата на вписване в системата Местоположение - отдел Цена в лева Систематично азбучна сигнатура Баркод Цена в евро Служебен тип на артикула
  Не е изгубен Universal Decimal Classification Не е повреден без рестрикции заемане за дома 921858 Регионална библиотека "Любен Каравелов" Русе Регионална библиотека "Любен Каравелов" Русе Заемна - подръчен фонд 2023-01-18 Заемна - подръчен фонд 17.60 821-31/А 54 С 120000881504 9.00 Книги
Vip Innovations Ltd, Rousse, Bulgaria 2025